000
00285nam a22001337a 4500
008
210305b ||||| |||| 00| 0 eng d
041
_a
eng
080
_2
2nd
_a
94
082
_2
2nd
_a
94
100
_a
18
101
_a
SHH
245
_a
The Human Odyssey
_c
Kaplan,S.P
942
_2
udc
_c
BK
999
_c
55847
_d
55847